Proyecto. Cultivo de cebolla municipio de Asunción Mita departamento de Jutiapa : Aspectos financieros del proyecto y su acumulación (cultivo de cebolla)
Presenta el Proyecto. Cultivo de cebolla municipio de Asunción Mita depto. de Jutiapa : Aspectos finacieros del proyecto y su acumulación (cultivo de Cebolla) en el cual se realiza una breve descripción del proyecto, así como el proceso de cultivo de la cebolla, también se presenta la inversió...
| Main Author: | |
|---|---|
| Other Authors: | |
| Format: | Tesis Section = Libro |
| Language: | Undetermined Spanish |
| Published: |
Guatemala
UNI
1991
|
| Subjects: |
| LEADER | 01248nam a2200241Ia 4500 | ||
|---|---|---|---|
| 008 | 240830s9999 xx 000 0 und d | ||
| 040 | |a BIBLIOTECA-RUSB/ Mon 338.17281 G212, v.7 | ||
| 041 | |a spa | ||
| 082 | |a Mon 338.17281 G212, v.7 | ||
| 100 | 1 | |a García Gutiérrez, Rodolfo Rolando | |
| 245 | 1 | 0 | |a Proyecto. Cultivo de cebolla municipio de Asunción Mita departamento de Jutiapa : Aspectos financieros del proyecto y su acumulación (cultivo de cebolla) |
| 260 | |a Guatemala |b UNI |c 1991 | ||
| 300 | |a 87 p. :il. | ||
| 500 | |a Contiene: volúmenes 2, 5, 7 y 8. | ||
| 502 | |a Tesis (Contador Público y Auditor) - UNI, 1991. | ||
| 520 | 3 | |a Presenta el Proyecto. Cultivo de cebolla municipio de Asunción Mita depto. de Jutiapa : Aspectos finacieros del proyecto y su acumulación (cultivo de Cebolla) en el cual se realiza una breve descripción del proyecto, así como el proceso de cultivo de la cebolla, también se presenta la inversión y las fuentes de financiamiento así como la evaluación financiera del mismo. | |
| 650 | 7 | |a INDUSTRIA AGROPECUARIA-ECONOMÍA | |
| 650 | 7 | |b CEBOLLA-MERCADO | |
| 650 | 7 | |c GUATEMALA | |
| 700 | 1 | |a Tutor: |b Hurtado Contrera, Carlos Humberto | |
| 942 | |c BK |2 ddc | ||
| 991 | |a TESIS | ||
| 999 | |c 19915 | ||